000 00521nam a2200217Ia 4500
003 OSt
005 20220923230722.0
006 a|||||r|||| 00| 0
007 ta
008 Pun
024 _a305,055
037 _cTextual
040 _aARTS
_cARTS
_bPun
041 _2Pun
_aPun
082 _awN16,1, 153M7
100 _aਬਘੇਲ ਸਿੰਘ
245 0 _aਜੀਵਨ ਅਨੁਭਵ
260 _c1987
942 _hwN16,1, 153M7
_cTEXL
_2CC
999 _c386858
_d386858